000 00298nam a22001337a 4500
003 SGT
020 _a9788149450519
082 _a200
_bR18D
100 _aDUBEY, ANANT D.
245 _aRAM, RAMAYAN: POTENTIAL TOURISM CIRCUIT
260 _b INDICA INFOMEDIA
_c2018
300 _a94
942 _2ddc
_cBK
999 _c31768
_d31768